01048nam a2200253 a 4500001000400000003001000004005001700014008004100031020001800072040002500090080002000115090002100135100004000156245018500196260003300381300003100414504002500445650005500470650006100525650005800586942001200644952012500656999001300781968BR-CuiBMT20231124011718.0231122s2015 spba 000 0 por d a9788597000054 aBR-CuiBMTcBR-CuiBMT 22007a658.56:35 a658.56:35bA496g1 aAmbrozewicz, Paulo Henrique Laporte10aGestão da qualidade na administração pública :bhistórico, PBQP, conceitos, indicadores, estratégia, implantação e auditoria /cPaulo Henrique Laporte Ambrozewicz.  aSão Paulo :bAtlas,c20125 axi, 196 p. :bil. ;c24 cm aInclui bibliografia. aControle de qualidadezAdministração pública aGestão da qualidade totalzAdministração pública aControle de produçãozAdministração pública 2udccLV 00102udc4070aBIBTCEMTbBIBTCEMTd2023-11-24l0o658.56:35 A496gpBIBTCEMT23111035r2023-11-24tEx. 1w2023-11-24yLV c968d968